000 00634nam a22002297a 4500
999 _c6366
_d6366
003 OSt
005 20191030151858.0
008 191030b ||||| |||| 00| 0 eng d
020 _a 978-0878937202
020 _a9780878936397
040 _cDDC
082 _a578.7 PRI 2006
100 _a Primack, Richard B.
_98481
245 _aEssentials of Conservation Biology
250 _a4th ed.
260 _aSunderland;
_bSinauer Association,
_c2006
300 _axiv,585p;
_bIll:
_c27cm
504 _aGlossary, Bibliography, & index included
650 _aConservation ecology
_913020
650 _aBiology
_95602
942 _2z
_cO_SHELF